| 000 | 01262nam0a2200373 4500 | ||
|---|---|---|---|
| 001 | RU\NLR\bibl\1309840 | ||
| 005 | 20250615153700.0 | ||
| 010 |
_a978-5-94259-187-8 _9500 |
||
| 021 |
_aRU _b2008-86852 _95069 |
||
| 035 | _a(nilc)EL/0000200907 | ||
| 035 | _aRU\LSL\TAT_B\2216 | ||
| 035 | _aRU\LSL\Books\2526705 | ||
| 035 | _a(NLR Aleph) 001295306 | ||
| 090 |
_a584907 _c584907 |
||
| 100 | _a20080607d2008 |||y0rusy50 ca | ||
| 101 | 0 | _arus | |
| 102 | _aRU | ||
| 105 | _aa z ||||| | ||
| 200 | 1 |
_aШкола Созвездий _eфантастическая повесть _fАнастасия Собченко |
|
| 210 |
_aКазань _cДом печати _d2008 |
||
| 215 |
_a189, [2] с. _d21 |
||
| 327 | 1 | _aВ кн. также: Город радуги: рассказ | |
| 686 |
_aШ6(2=Р)6-445 _vLBC/SL _2rubbk |
||
| 686 |
_a17.82 _2rugasnti |
||
| 686 | _aШ9(2)62=Р7-4 | ||
| 700 | 1 |
_aСобченко _bА. А. _f1993- _gАнастасия Артемовна _4070 |
|
| 801 | 0 |
_aRU _bНБ Казанского ГУ _c20080607 _gRCR |
|
| 801 | 1 |
_aRU _bНБ Казанского ГУ _c20080623 _gRCR |
|
| 801 | 2 |
_aRU _bNLR _c20081218 _grcr |
|
| 830 | _aавт. по кн. | ||
| 942 | _cBOOK | ||
| 980 | _aNB | ||